| 000 | 00649nam a2200181 i 4500 | ||
|---|---|---|---|
| 001 | 147155 | ||
| 003 | ES-MaACL | ||
| 005 | 20231223063104.0 | ||
| 007 | t| | ||
| 008 | 070921q1917 sp ||||1| spa d | ||
| 100 | 1 |
_aTurró, Ramón, _d1854-1926 _9111758 |
|
| 245 | 1 | 0 |
_aDiscurso del Presidente del comité de organización y propaganda / _cRamón Turró. |
| 260 |
_aLa Coruña : _b[s.n.], _c[1917?] |
||
| 500 | _aPrecede al Tít: IV Asamblea Nacional veterinaria. Barcelona. octubre de 1917. | ||
| 711 | 2 |
_aAsamblea Nacional Veterinaria ( _n4ª. _d1917. _cBarcelona) _9158492 |
|
| 852 |
_aES-MaACL _j1561-F-13 |
||
| 999 |
_c147155 _d147155 |
||